[Event "Campeonato Brasileiro Juvenil 2012 - Abs"]
[Site "Sao Paulo"]
[Date "2012.06.08"]
[Round "4.5"]
[White "Marques, Joao Paulo Cassemiro"]
[Black "Sousa, Felipe Mazim De"]
[Result "1-0"]
[WhiteElo "2191"]
[BlackElo "1707"]
[PlyCount "117"]
[EventDate "2012.06.07"]

1. e4 c5 2. Nf3 Nc6 3. d4 cxd4 4. Nxd4 g6 5. c4 Bg7 6. Be3 Nf6 7. Nc3 O-O 8.
Be2 d6 9. O-O Bd7 10. Nc2 b6 11. f3 Rc8 12. Qd2 Ne5 13. b3 Bc6 14. Bh6 Ned7 15.
Rfd1 Nc5 16. Bxg7 Kxg7 17. Nd4 Bb7 18. e5 Ne8 19. b4 Na6 20. Ncb5 Ra8 21. Nc2
Nac7 22. exd6 Nxb5 23. dxe7 Qxe7 24. cxb5 Nf6 25. Qe3 Qxe3+ 26. Nxe3 Rfe8 27.
Kf2 Rad8 28. Rxd8 Rxd8 29. Rc1 Rc8 30. Rxc8 Bxc8 31. Bc4 Bb7 32. Ke2 Kf8 33.
Kd3 Ke7 34. Kd4 Ne8 35. Bd5 Bxd5 36. Nxd5+ Ke6 37. a4 Nd6 38. Ne3 h6 39. g4 f6
40. Nd5 Nc8 41. Nf4+ Kf7 42. Kd5 g5 43. Nd3 Ke7 44. Kc6 Kd8 45. Kb7 Ne7 46.
Kxa7 Kc7 47. a5 Nc8+ 48. Ka6 Nd6 49. axb6+ Kb8 50. Nc5 f5 51. gxf5 Nxf5 52.
Nd7+ Kc8 53. b7+ Kxd7 54. b8=Q Ke6 55. b6 Kf6 56. Qf8+ Kg6 57. b7 Nd4 58. b8=Q
Kh5 59. Qbe8+ 1-0

[Event "Campeonato Brasileiro Juvenil 2012 - Abs"]
[Site "Sao Paulo"]
[Date "2012.06.08"]
[Round "4.6"]
[White "Nolasco, Vitor"]
[Black "Abdalla, Jose Lucas Aurelli"]
[Result "0-1"]
[WhiteElo "1918"]
[BlackElo "2098"]
[PlyCount "108"]
[EventDate "2012.06.07"]

1. e4 c5 2. Nf3 Nc6 3. d4 cxd4 4. Nxd4 g6 5. Nc3 Bg7 6. Be3 Nf6 7. f3 O-O 8.
Bc4 Qb6 9. Bb3 Nxe4 10. Nd5 Qa5+ 11. c3 Nf6 12. Nxc6 dxc6 13. Nxe7+ Kh8 14.
Nxc8 Raxc8 15. O-O c5 16. Qe2 Rfe8 17. Qf2 c4 18. Bc2 Nd5 19. Bd2 f5 20. Rfe1
Rxe1+ 21. Bxe1 b5 22. Rd1 Nf6 23. a3 Bf8 24. Kh1 Bc5 25. Qh4 Qb6 26. Bd2 Re8
27. Re1 Re6 28. Rxe6 Qxe6 29. Qe1 Qxe1+ 30. Bxe1 Nd5 31. Bd2 Kg7 32. g3 Kf6 33.
Kg2 Be3 34. Be1 Bc1 35. Bf2 Bxb2 36. Bxa7 Bxa3 37. Bd4+ Ke6 38. Kf2 Bb2 39. Bc5
Bxc3 40. Bd1 Kd7 41. Be2 Kc6 42. Bf8 Bd4+ 43. Ke1 Nc3 44. Bf1 Kd5 45. Bb4 Na2
46. Bf8 b4 47. f4 Bg1 48. h3 b3 49. Bg2+ Kd4 50. Bg7+ Kc5 51. Bf8+ Kb5 52. Kd1
Bh2 53. g4 Bxf4 54. gxf5 Nc3+ 0-1

[Event "Campeonato Brasileiro Juvenil 2012 - Abs"]
[Site "Sao Paulo"]
[Date "2012.06.08"]
[Round "4.7"]
[White "Caetano, Hugo Zanotti Mendonc"]
[Black "Araujo, Renan Aparecido"]
[Result "1-0"]
[WhiteElo "2047"]
[BlackElo "1878"]
[PlyCount "53"]
[EventDate "2012.06.07"]

1. d4 Nf6 2. c4 e6 3. Nf3 Bb4+ 4. Bd2 Qe7 5. Nc3 Bxc3 6. Bxc3 Ne4 7. Qc2 f5 8.
g3 O-O 9. Bg2 d6 10. Nd2 Nxc3 11. Qxc3 Nd7 12. O-O-O e5 13. e3 c5 14. Rhe1 Rb8
15. Nb1 a6 16. Qc2 Nf6 17. Nc3 e4 18. f3 Re8 19. dxc5 dxc5 20. fxe4 fxe4 21.
Rf1 Bg4 22. Nd5 Nxd5 23. Rxd5 Rf8 24. Rf4 Rxf4 25. exf4 Rd8 26. Qxe4 Qxe4 27.
Rxd8+ 1-0

[Event "Campeonato Brasileiro Juvenil 2012 - Abs"]
[Site "Sao Paulo"]
[Date "2012.06.08"]
[Round "4.8"]
[White "Flach, Kauan Andrei"]
[Black "Branchini, Fernando Luis Sakamo"]
[Result "0-1"]
[WhiteElo "1699"]
[BlackElo "1972"]
[PlyCount "90"]
[EventDate "2012.06.07"]

1. e4 e6 2. d3 d5 3. Nd2 Nf6 4. g3 c5 5. Bg2 Nc6 6. Ngf3 g6 7. O-O Bg7 8. Re1
O-O 9. c3 b6 10. e5 Nd7 11. d4 Bb7 12. Nf1 Rc8 13. a3 Re8 14. h4 cxd4 15. cxd4
f6 16. exf6 Bxf6 17. Bh3 Nf8 18. N1h2 Rc7 19. Bg5 h5 20. Qd3 Bxg5 21. Nxg5 e5
22. dxe5 Nxe5 23. Qb3 Rce7 24. Rad1 Nf7 25. Rxe7 Qxe7 26. Nxf7 Qxf7 27. Bg2 Re2
28. Nf3 Ne6 29. Bf1 Nc5 30. Qc3 Ne4 31. Qb3 Rxf2 32. Bg2 Re2 33. Rf1 Nxg3 34.
Ne5 Rxg2+ 35. Kxg2 d4+ 36. Qf3 Bxf3+ 37. Rxf3 Qd5 38. Nxg6 Nf5 39. Kh2 Kh7 40.
Nf4 Qe4 41. Ng2 Nxh4 42. Nxh4 Qxh4+ 43. Kg2 Kg6 44. b4 Qe4 45. Kf2 a5 0-1

[Event "Campeonato Brasileiro Juvenil 2012 - Abs"]
[Site "Sao Paulo"]
[Date "2012.06.08"]
[Round "4.10"]
[White "Gotz, Klaus Seiji Furucho"]
[Black "Cruz, Arquias Sofocles Gui"]
[Result "1-0"]
[WhiteElo "1975"]
[BlackElo "1838"]
[PlyCount "87"]
[EventDate "2012.06.07"]

1. d4 Nf6 2. c4 e6 3. Nf3 d5 4. Nc3 Be7 5. Bg5 O-O 6. e3 c6 7. Qc2 Nbd7 8. cxd5
exd5 9. Bd3 Re8 10. O-O Nf8 11. h3 Ng6 12. Rab1 a5 13. a3 Qd6 14. Na4 Rb8 15.
Bxg6 hxg6 16. Bf4 Bf5 17. Qd2 Qd8 18. Bxb8 Bxb1 19. Rxb1 Ne4 20. Qe1 Qxb8 21.
Qxa5 b5 22. Nc3 Nd6 23. Na2 Nc4 24. Qc3 Qc7 25. Rc1 Ra8 26. Nb4 Ra4 27. Ne1
Bxb4 28. axb4 Ra6 29. Nd3 f6 30. Nc5 Ra2 31. b3 Nd2 32. Rc2 Nb1 33. Qd3 Ra1 34.
Rc1 Ra2 35. Qxb1 Ra8 36. Qxg6 Qd6 37. Qf5 Kh8 38. h4 Ra7 39. g3 g6 40. Qc8+ Kh7
41. Kg2 f5 42. h5 Rf7 43. hxg6+ Kxg6 44. Qe6+ 1-0

[Event "Campeonato Brasileiro Juvenil 2012 - Abs"]
[Site "Sao Paulo"]
[Date "2012.06.08"]
[Round "4.11"]
[White "E Silva, Hamilton Moreira"]
[Black "Martins, Anderson Donay"]
[Result "0-1"]
[WhiteElo "1939"]
[BlackElo "1946"]
[PlyCount "56"]
[EventDate "2012.06.07"]

1. e4 c5 2. Nf3 d6 3. d4 cxd4 4. Nxd4 Nf6 5. Nc3 a6 6. Be2 e6 7. Be3 Be7 8. f4
Qc7 9. O-O O-O 10. Kh1 b5 11. a3 Bb7 12. Bf3 Nbd7 13. Qe2 Rac8 14. g4 Nc5 15.
Bg1 d5 16. exd5 Nxd5 17. Nxd5 exd5 18. Nf5 Ne4 19. Bd4 f6 20. c3 Rce8 21. Be3
Bc5 22. Qd3 Bxe3 23. Nxe3 Qxf4 24. Nxd5 Qg5 25. Nb4 Qh4 26. Kg1 Rd8 27. Qe3 Rd2
28. Qf4 g5 0-1

[Event "Campeonato Brasileiro Juvenil 2012 - Abs"]
[Site "Sao Paulo"]
[Date "2012.06.08"]
[Round "4.12"]
[White "Lima, Paulo Sergio Da Silv"]
[Black "De Sousa, Matheus Mazim"]
[Result "0-1"]
[WhiteElo "1942"]
[BlackElo "1818"]
[PlyCount "86"]
[EventDate "2012.06.07"]

1. d4 d5 2. Nf3 Nf6 3. e3 e6 4. Bd3 c5 5. c3 Bd6 6. O-O O-O 7. Nbd2 Nbd7 8. e4
cxd4 9. cxd4 dxe4 10. Nxe4 Nxe4 11. Bxe4 Nf6 12. Bd3 h6 13. Bd2 Bd7 14. Qb3 Bc6
15. Ne5 Bd5 16. Qc2 Rc8 17. Bc3 Nd7 18. f4 f5 19. Nxd7 Qxd7 20. Rae1 b5 21. a3
a6 22. Qd2 Qc7 23. Rc1 Qb6 24. Be2 Qb8 25. g3 Qb7 26. Qe3 Kf7 27. Bf3 Bxf3 28.
Qxf3 Qxf3 29. Rxf3 a5 30. Rff1 Bc7 31. Bd2 Bb6 32. Be3 Rfd8 33. Rxc8 Rxc8 34.
Kg2 Rc4 35. Rf2 Bxd4 36. b3 Bxe3 37. bxc4 Bxf2 38. Kxf2 bxc4 39. Ke3 e5 40.
fxe5 Ke6 41. Kd4 c3 42. Kxc3 Kxe5 43. Kc4 g5 0-1

[Event "Campeonato Brasileiro Juvenil 2012 - Abs"]
[Site "Sao Paulo"]
[Date "2012.06.08"]
[Round "4.13"]
[White "Rigonati, Eduardo Enrico Santa"]
[Black "Araujo, Leonardo Augusto De"]
[Result "1/2-1/2"]
[WhiteElo "1810"]
[BlackElo "1932"]
[PlyCount "49"]
[EventDate "2012.06.07"]

1. e4 e5 2. Nf3 Nc6 3. Nc3 Nf6 4. Bc4 Nxe4 5. Nxe4 d5 6. Bxd5 Qxd5 7. d3 Bg4 8.
h3 Bh5 9. Nc3 Bb4 10. Bd2 Bxc3 11. Bxc3 O-O-O 12. Qe2 Nd4 13. Bxd4 exd4 14. O-O
Rhe8 15. Qd1 Rd6 16. g4 Bg6 17. Nh2 Rde6 18. Qf3 Qg5 19. Rac1 h5 20. Qg2 hxg4
21. hxg4 f5 22. Nf3 Qd8 23. Rfe1 Qd5 24. Rxe6 Rxe6 25. Nh4 1/2-1/2

[Event "Campeonato Brasileiro Juvenil 2012 - Abs"]
[Site "Sao Paulo"]
[Date "2012.06.08"]
[Round "4.14"]
[White "Fleck Da Silva, Rafael"]
[Black "Gomes Silverio, Taua"]
[Result "1-0"]
[WhiteElo "1927"]
[BlackElo "1665"]
[PlyCount "93"]
[EventDate "2012.06.07"]

1. e4 d6 2. d4 Nd7 3. Bc4 Ngf6 4. Nc3 g6 5. Nge2 Bg7 6. h3 e5 7. Be3 O-O 8. O-O
c6 9. dxe5 dxe5 10. a4 Qe7 11. Ng3 Rd8 12. Qe2 Nc5 13. Rfd1 Ne6 14. Rxd8+ Qxd8
15. Rd1 Nd4 16. Bxd4 exd4 17. e5 Ne8 18. e6 Bxe6 19. Bxe6 fxe6 20. Qxe6+ Kh8
21. Nce4 Nc7 22. Qb3 b6 23. c3 c5 24. a5 Qd5 25. Qa3 Qd7 26. b4 cxb4 27. Qxb4
Qb5 28. Qe7 Qa4 29. Rf1 Qc4 30. axb6 axb6 31. cxd4 Bxd4 32. Nd6 Qc2 33. Nf7+
Kg8 34. Ne4 Re8 35. Nf6+ Bxf6 36. Qxf6 Qd2 37. f4 h5 38. Qxg6+ Kf8 39. Nd6 Qd4+
40. Kh1 Re7 41. Nf5 Re6 42. Qxe6 Nxe6 43. Nxd4 Nxd4 44. Rb1 b5 45. Rb4 Ne2 46.
Rxb5 Nxf4 47. Rf5+ 1-0

[Event "Campeonato Brasileiro Juvenil 2012 - Abs"]
[Site "Sao Paulo"]
[Date "2012.06.08"]
[Round "4.15"]
[White "Goncalves, Leonardo Yamamoto Po"]
[Black "Barreiros Da Silva, Denison Kle"]
[Result "0-1"]
[WhiteElo "1848"]
[BlackElo "1918"]
[PlyCount "56"]
[EventDate "2012.06.07"]

1. e4 d5 2. d3 Nf6 3. Nd2 e5 4. Ngf3 Nc6 5. Be2 Bc5 6. O-O O-O 7. c3 a5 8. a4
Re8 9. Qc2 h6 10. h3 Nh5 11. Nb3 Bb6 12. Kh1 Nf4 13. Ng1 dxe4 14. dxe4 Nxe2 15.
Nxe2 Qh4 16. Ng1 Be6 17. Nd2 Rad8 18. Ndf3 Qh5 19. Ne2 Bc4 20. Ng3 Qg6 21. Be3
Bxe3 22. fxe3 Qxg3 23. Rg1 Bd3 24. Qb3 Bxe4 25. Raf1 Bd3 26. Re1 e4 27. Nh2 Ba6
28. Nf1 Qxe1 0-1

[Event "Campeonato Brasileiro Juvenil 2012 - Ab"]
[Site "Sao Paulo"]
[Date "2012.06.08"]
[Round "4.16"]
[White "Correia, Vitor Paie"]
[Black "Takeda, Lucas Koji"]
[Result "0-1"]
[WhiteElo "1494"]
[BlackElo "1902"]
[PlyCount "74"]
[EventDate "2012.06.07"]

1. b4 e6 2. Bb2 Nf6 3. a3 d5 4. Nf3 Nbd7 5. e3 b6 6. c4 Bb7 7. d4 dxc4 8. Bxc4
Be7 9. O-O O-O 10. Nbd2 c5 11. dxc5 bxc5 12. b5 Nb6 13. Rc1 Ne4 14. Qe2 Nxd2
15. Nxd2 Bf6 16. Bc3 Rc8 17. Rfd1 Qe7 18. Bxf6 Qxf6 19. Rc2 Bxg2 20. Qg4 Ba8
21. Ne4 Bxe4 22. Qxe4 Qg6+ 23. Qxg6 hxg6 24. Kf1 Rb8 25. Rb1 Rfc8 26. Ke2 Kf8
27. f3 Ke7 28. Ba2 Rh8 29. Ke1 Rh5 30. Rbb2 Rbh8 31. Rd2 Rh3 32. Rf2 R8h5 33.
Rbe2 Nd7 34. Kd2 Ne5 35. f4 Nf3+ 36. Kd1 Nxh2 37. a4 Ng4 0-1

[Event "Campeonato Brasileiro Juvenil 2012 - Abs"]
[Site "Sao Paulo"]
[Date "2012.06.08"]
[Round "4.20"]
[White "Nunes, Guilherme Hurba"]
[Black "De Assis, Henrique Zerbini J"]
[Result "0-1"]
[WhiteElo "1806"]
[BlackElo "1766"]
[PlyCount "76"]
[EventDate "2012.06.07"]

1. d4 Nf6 2. Nf3 e6 3. e3 b6 4. b3 Bb7 5. Bb2 Nc6 6. Be2 Be7 7. O-O O-O 8. c4
d6 9. Nbd2 Nb8 10. Qc2 Nbd7 11. Bd3 a5 12. e4 g6 13. h3 d5 14. e5 Nh5 15. g3 c5
16. Be2 dxc4 17. Nxc4 b5 18. Nd6 Bxd6 19. exd6 Rc8 20. Qd2 c4 21. bxc4 bxc4 22.
Rac1 Ndf6 23. Ne5 Qxd6 24. g4 Ng7 25. Nxc4 Qc6 26. f3 Qc7 27. Ne5 Qd6 28. Kg2
Nd7 29. Nc4 Qd5 30. Ba3 Rfd8 31. Be7 Re8 32. Nd6 Rxc1 33. Nxe8 Rxf1 34. Nxg7
Rxf3 35. Bxf3 Qxf3+ 36. Kg1 Qh1+ 37. Kf2 Qg2+ 38. Ke3 Qf3# 0-1

[Event "Campeonato Brasileiro Juvenil 2012 - Abs"]
[Site "Sao Paulo"]
[Date "2012.06.09"]
[Round "6.1"]
[White "Quintiliano Pinto, Renato R"]
[Black "Barbosa, Evandro Amorim"]
[Result "1/2-1/2"]
[WhiteElo "2272"]
[BlackElo "2401"]
[PlyCount "36"]
[EventDate "2012.06.07"]

1. d4 Nf6 2. c4 g6 3. Nc3 d5 4. Bf4 Bg7 5. e3 O-O 6. Rc1 Be6 7. Qb3 c5 8. Qxb7
Qb6 9. Qxb6 axb6 10. Nf3 Nc6 11. dxc5 bxc5 12. cxd5 Nxd5 13. Nxd5 Bxd5 14. Rxc5
e6 15. Bc4 Bxc4 16. Rxc4 Rxa2 17. O-O Na5 18. Rc7 Rxb2 1/2-1/2

[Event "Campeonato Brasileiro Juvenil 2012 - Abs"]
[Site "Sao Paulo"]
[Date "2012.06.09"]
[Round "6.2"]
[White "Marques, Joao Paulo Cassemiro"]
[Black "Proudian, Armen"]
[Result "1/2-1/2"]
[WhiteElo "2191"]
[BlackElo "2147"]
[PlyCount "57"]
[EventDate "2012.06.07"]

1. e4 e5 2. Nf3 Nc6 3. Bc4 Bc5 4. O-O Nf6 5. d4 Bxd4 6. Nxd4 Nxd4 7. Bg5 d6 8.
f4 Qe7 9. fxe5 dxe5 10. Na3 Bd7 11. c3 Ne6 12. Bxf6 gxf6 13. Qf3 Nf4 14. g3
Nh3+ 15. Kh1 Ng5 16. Qxf6 Qxf6 17. Rxf6 O-O 18. Raf1 Bh3 19. Re1 Kg7 20. Rf2
Rad8 21. Bf1 Bxf1 22. Rfxf1 Rd3 23. Kg2 Rfd8 24. Nc4 f6 25. Rf2 Rd1 26. Rxd1
Rxd1 27. Rd2 Rxd2+ 28. Nxd2 Kf7 29. Kf2 1/2-1/2

[Event "Campeonato Brasileiro Juvenil 2012 - Abs"]
[Site "Sao Paulo"]
[Date "2012.06.09"]
[Round "6.3"]
[White "Santiago, Yago De Moura"]
[Black "Caetano, Hugo Zanotti Mendonc"]
[Result "1/2-1/2"]
[WhiteElo "2347"]
[BlackElo "2047"]
[PlyCount "50"]
[EventDate "2012.06.07"]

1. Nf3 Nf6 2. c4 e6 3. Nc3 d5 4. e3 Be7 5. b3 b6 6. Bb2 Bb7 7. Rc1 O-O 8. d4 c5
9. cxd5 Nxd5 10. Bc4 Nxc3 11. Bxc3 cxd4 12. Nxd4 Nc6 13. Qg4 Nxd4 14. Bxd4 Bf6
15. O-O Bxd4 16. Rfd1 Qf6 17. Rxd4 Rad8 18. Rf4 Qb2 19. Rf1 Qxa2 20. h4 Ba6 21.
h5 h6 22. Bxa6 Qxa6 23. Ra4 Qb5 24. Rxa7 Qxb3 25. Qf3 Rd5 1/2-1/2

[Event "Campeonato Brasileiro Juvenil 2012 - Abs"]
[Site "Sao Paulo"]
[Date "2012.06.09"]
[Round "6.5"]
[White "Japiassu, Ricardo De Villa Nov"]
[Black "Abdalla, Jose Lucas Aurelli"]
[Result "1-0"]
[WhiteElo "1900"]
[BlackElo "2098"]
[PlyCount "71"]
[EventDate "2012.06.07"]

1. d4 Nf6 2. Bg5 Ne4 3. h4 d5 4. Nd2 Nxd2 5. Qxd2 Bf5 6. e3 c6 7. c4 h6 8. Bf4
e6 9. Nf3 Nd7 10. a3 dxc4 11. Bxc4 Nb6 12. Bd3 Bxd3 13. Qxd3 Nd5 14. Bg3 Qa5+
15. Nd2 Nb4 16. Qb1 Na6 17. b4 Qb5 18. Qb3 Be7 19. Qc4 Qh5 20. Qe2 Qd5 21. Qc4
Qxg2 22. Ke2 Qd5 23. Qxd5 cxd5 24. b5 Nb8 25. Rhc1 Nd7 26. Rc7 b6 27. a4 Bb4
28. Rac1 Ke7 29. Nf3 Bd6 30. Bxd6+ Kxd6 31. Ne5 Nxe5 32. dxe5+ Kxe5 33. Rxf7 a6
34. f4+ Ke4 35. Rb1 axb5 36. Rb4+ 1-0

[Event "Campeonato Brasileiro Juvenil 2012 - Abs"]
[Site "Sao Paulo"]
[Date "2012.06.09"]
[Round "6.6"]
[White "Sztokbant, Bernardo Vainzoff"]
[Black "Barreiros Da Silva, Denison Kle"]
[Result "1-0"]
[WhiteElo "2093"]
[BlackElo "1918"]
[PlyCount "47"]
[EventDate "2012.06.07"]

1. e4 d5 2. exd5 Qxd5 3. Nc3 Qa5 4. Bc4 Nf6 5. Nge2 Bf5 6. O-O e6 7. d4 c6 8.
Ng3 Be7 9. Bd2 Qd8 10. Nxf5 exf5 11. Qf3 O-O 12. Rfe1 g6 13. d5 b5 14. Bxb5
cxb5 15. d6 Bxd6 16. Qxa8 Bxh2+ 17. Kxh2 Qd6+ 18. g3 Nc6 19. Qb7 Qxd2 20. Re2
Qh6+ 21. Kg2 Nd4 22. Rh1 Qg5 23. f4 Qg4 24. Rh4 1-0

[Event "Campeonato Brasileiro Juvenil 2012 - Abs"]
[Site "Sao Paulo"]
[Date "2012.06.09"]
[Round "6.7"]
[White "Maranhao, Jose Renato Ruiz"]
[Black "Takeda, Lucas Koji"]
[Result "1/2-1/2"]
[WhiteElo "2090"]
[BlackElo "1902"]
[PlyCount "86"]
[EventDate "2012.06.07"]

1. e4 c5 2. Nf3 a6 3. c4 Nc6 4. d4 cxd4 5. Nxd4 e6 6. Be2 Qc7 7. Be3 Nf6 8. Nc3
Bb4 9. Qc2 Bxc3+ 10. bxc3 Ne5 11. Rd1 Nxc4 12. Bg5 b5 13. O-O Bb7 14. Bxf6 gxf6
15. a4 Bc6 16. Nxc6 Qxc6 17. Rd4 e5 18. Rd5 Rc8 19. axb5 axb5 20. Qb3 O-O 21.
Rfd1 d6 22. Qxb5 Qxb5 23. Rxb5 Rfd8 24. Bd3 Rc6 25. Kf1 Nb6 26. Rb3 Na4 27. Bb5
Nc5 28. Bxc6 Nxb3 29. Ke2 Kf8 30. Bd5 Nc5 31. Ra1 Rd7 32. Ra8+ Kg7 33. Kf3 Ne6
34. Rb8 Rc7 35. c4 Nf4 36. Rd8 Ra7 37. Rxd6 Ra3+ 38. Kg4 Kg6 39. f3 Ra2 40. Rd7
Rxg2+ 41. Kh4 Rxh2+ 42. Kg3 Rg2+ 43. Kh4 Rh2+ 1/2-1/2

[Event "Campeonato Brasileiro Juvenil 2012 - Abs"]
[Site "Sao Paulo"]
[Date "2012.06.09"]
[Round "6.8"]
[White "Devescovi Parreira, Pedro Paulo"]
[Black "De Sousa, Matheus Mazim"]
[Result "1-0"]
[WhiteElo "2085"]
[BlackElo "1818"]
[PlyCount "85"]
[EventDate "2012.06.07"]

1. d4 d5 2. c4 e6 3. cxd5 exd5 4. Nc3 c6 5. Qc2 g6 6. Bf4 Bg7 7. e3 Bf5 8. Qb3
Qb6 9. Nf3 Na6 10. Be2 Nf6 11. Bd6 Ne4 12. Nxe4 Bxe4 13. O-O Bxf3 14. gxf3 Kd7
15. Qa3 Rhe8 16. Bxa6 Qxa6 17. Qxa6 bxa6 18. Bc5 Bf8 19. Bxf8 Rxf8 20. Rfc1
Rab8 21. Rc2 f5 22. Rac1 Rf6 23. a3 Re6 24. b4 Rb5 25. Rc5 Rxc5 26. bxc5 Re8
27. Rb1 Kc7 28. Kg2 g5 29. Kg3 Rg8 30. h4 g4 31. h5 h6 32. Rh1 gxf3+ 33. Kxf3
Rg5 34. Kf4 Kd7 35. Ke5 Ke7 36. Rb1 f4+ 37. Kxf4 Kf6 38. Rb7 Rf5+ 39. Kg4 Rxf2
40. Rc7 Rg2+ 41. Kf3 Rg7 42. Rxc6+ Kg5 43. Rg6+ 1-0

[Event "Campeonato Brasileiro Juvenil 2012 - Abs"]
[Site "Sao Paulo"]
[Date "2012.06.09"]
[Round "6.9"]
[White "Nolasco, Vitor"]
[Black "Branchini, Fernando Luis Sakamo"]
[Result "1/2-1/2"]
[WhiteElo "1918"]
[BlackElo "1972"]
[PlyCount "58"]
[EventDate "2012.06.07"]

1. e4 c6 2. d4 d5 3. Nc3 dxe4 4. Nxe4 Bf5 5. Ng3 Bg6 6. Nf3 Nd7 7. h4 h6 8. h5
Bh7 9. Bd3 Bxd3 10. Qxd3 Ngf6 11. Bf4 Qa5+ 12. Bd2 Qc7 13. O-O-O e6 14. Ne4
Nxe4 15. Qxe4 Nf6 16. Qe2 O-O-O 17. g3 Kb8 18. Kb1 Ka8 19. c4 c5 20. Bc3 Be7
21. Ne5 Bd6 22. f4 Bxe5 23. dxe5 Nd7 24. Rd6 Nb6 25. Rhd1 Nc8 26. R6d3 Ne7 27.
g4 Rxd3 28. Qxd3 Nc6 29. Qd7 Kb8 1/2-1/2

[Event "Campeonato Brasileiro Juvenil 2012 - Abs"]
[Site "Sao Paulo"]
[Date "2012.06.09"]
[Round "6.10"]
[White "Fleck Da Silva, Rafael"]
[Black "Martins, Anderson Donay"]
[Result "1/2-1/2"]
[WhiteElo "1927"]
[BlackElo "1946"]
[PlyCount "21"]
[EventDate "2012.06.07"]

1. e4 c5 2. Nc3 e6 3. Nf3 d6 4. g3 Nc6 5. Bg2 Be7 6. d4 cxd4 7. Nxd4 Bd7 8. O-O
Nf6 9. Ndb5 Qb8 10. Be3 a6 11. Nd4 1/2-1/2

[Event "Campeonato Brasileiro Juvenil 2012 - Abs"]
[Site "Sao Paulo"]
[Date "2012.06.09"]
[Round "6.11"]
[White "E Silva, Hamilton Moreira"]
[Black "Araujo, Renan Aparecido"]
[Result "0-1"]
[WhiteElo "1939"]
[BlackElo "1878"]
[PlyCount "84"]
[EventDate "2012.06.07"]

1. d4 Nf6 2. c4 g6 3. g3 Bg7 4. Bg2 O-O 5. Nf3 d6 6. O-O Nc6 7. Nc3 a6 8. a3 e5
9. d5 Ne7 10. b4 Nd7 11. e4 f5 12. Nd2 f4 13. Nb3 b6 14. a4 g5 15. Ba3 g4 16.
Qxg4 f3 17. Bxf3 Nc5 18. Qh5 Nxb3 19. Rad1 Nd4 20. Bg4 Bxg4 21. Qxg4 Rf6 22.
Rd3 Rg6 23. Qd1 Qd7 24. f4 Qg4 25. f5 Qxd1 26. Nxd1 Rf6 27. Ne3 h5 28. g4 Ne2+
29. Kf2 Nf4 30. Rdd1 hxg4 31. Nxg4 Rf7 32. f6 Nh5 33. Ke2 Nxf6 34. Nxf6+ Rxf6
35. Rg1 Kf7 36. c5 Rh8 37. Rg2 Ng6 38. Kd2 Nf4 39. Rf2 Rh3 40. cxd6 cxd6 41.
Bb2 Rd3+ 42. Kc2 Rxd1 0-1

[Event "Campeonato Brasileiro Juvenil 2012 - Abs"]
[Site "Sao Paulo"]
[Date "2012.06.09"]
[Round "6.12"]
[White "Quevedo Naissinger, Willian"]
[Black "Cruz, Arquias Sofocles Gui"]
[Result "0-1"]
[WhiteElo "1940"]
[BlackElo "1838"]
[PlyCount "76"]
[EventDate "2012.06.07"]

1. e4 e5 2. Nf3 Nc6 3. d4 exd4 4. Nxd4 Bc5 5. Nxc6 Qf6 6. Qf3 dxc6 7. Nc3 Be6
8. Bd3 Bd4 9. Bd2 O-O-O 10. Qxf6 Nxf6 11. f3 h6 12. O-O-O g5 13. Ne2 Be5 14. g3
c5 15. f4 c4 16. fxe5 Ng4 17. Rdf1 cxd3 18. cxd3 Rxd3 19. h3 Rhd8 20. hxg4 Rxd2
21. Nc3 Rg2 22. Rxh6 Rxg3 23. Nd5 Rxg4 24. Rd1 c6 25. Nf6 Rxd1+ 26. Kxd1 Rg2
27. Rh8+ Kc7 28. Ne8+ Kb6 29. Nd6 Rxb2 30. Rg8 g4 31. Rg7 Rxa2 32. Nxf7 Ra5 33.
Nd8 Rxe5 34. Rxb7+ Kc5 35. Rxa7 Rxe4 36. Kc1 Bd5 37. Rg7 Kd4 38. Rb7 Kc3 0-1

[Event "Campeonato Brasileiro Juvenil 2012 - Abs"]
[Site "Sao Paulo"]
[Date "2012.06.09"]
[Round "6.13"]
[White "Flach, Kauan Andrei"]
[Black "Araujo, Leonardo Augusto De"]
[Result "1-0"]
[WhiteElo "1699"]
[BlackElo "1932"]
[PlyCount "63"]
[EventDate "2012.06.07"]

1. e4 e5 2. Nf3 Nf6 3. Nc3 Nc6 4. Bb5 Nd4 5. Ba4 Bc5 6. O-O O-O 7. d3 d6 8.
Nxd4 Bxd4 9. Ne2 Bb6 10. Kh1 Nh5 11. Ng3 Nxg3+ 12. fxg3 f5 13. Bb3+ Kh8 14.
exf5 Rxf5 15. Rxf5 Bxf5 16. Qf3 Qf6 17. Be3 Rf8 18. Rf1 c6 19. Bxb6 axb6 20.
Qe3 b5 21. g4 g6 22. gxf5 gxf5 23. c3 d5 24. Bc2 f4 25. Qf3 Qg5 26. g3 b6 27.
gxf4 exf4 28. d4 Qf6 29. Qh5 Rf7 30. Re1 Re7 31. Rxe7 Qxe7 32. Qe5+ 1-0

[Event "Campeonato Brasileiro Juvenil 2012 - Abs"]
[Site "Sao Paulo"]
[Date "2012.06.09"]
[Round "6.14"]
[White "De Carvalho, Igor Lorenzon"]
[Black "Sousa, Felipe Mazim De"]
[Result "1-0"]
[WhiteElo "1867"]
[BlackElo "1707"]
[PlyCount "83"]
[EventDate "2012.06.07"]

1. d4 d5 2. c4 e6 3. Nc3 c6 4. cxd5 exd5 5. Qc2 Bd6 6. Nf3 Ne7 7. Bg5 f6 8. Bh4
Bf5 9. Qd2 Nd7 10. Bg3 Bxg3 11. hxg3 Qb6 12. e3 a6 13. Na4 Qa7 14. Rc1 O-O 15.
Nc5 Nxc5 16. Rxc5 b6 17. Rc3 c5 18. dxc5 bxc5 19. Bd3 Bxd3 20. Qxd3 g6 21. O-O
Qb6 22. Qc2 c4 23. Nd4 Rac8 24. Rd1 Qa5 25. Ra3 Qb6 26. Qc3 Kg7 27. Ra5 Kf7 28.
Qa3 Ra8 29. Qc3 Rfd8 30. Ne2 g5 31. Nd4 Rd6 32. Ra3 Rdd8 33. Rd2 a5 34. Qc2 Kg7
35. Rc3 a4 36. e4 Qa6 37. exd5 Rxd5 38. Re3 Re5 39. Rxe5 fxe5 40. Nf5+ Nxf5 41.
Qxf5 Qf6 42. Rd7+ 1-0

[Event "Campeonato Brasileiro Juvenil 2012 - Abs"]
[Site "Sao Paulo"]
[Date "2012.06.09"]
[Round "6.15"]
[White "Poeta, Caio Medeiros"]
[Black "De Assis, Henrique Zerbini J"]
[Result "1/2-1/2"]
[WhiteElo "1859"]
[BlackElo "1766"]
[PlyCount "47"]
[EventDate "2012.06.07"]

1. d4 Nf6 2. c4 g6 3. Nc3 Bg7 4. e4 d6 5. f3 O-O 6. Be3 Nbd7 7. Qd2 c5 8. Nge2
Nb6 9. b3 cxd4 10. Nxd4 Bd7 11. Be2 Rc8 12. Bh6 e6 13. Bxg7 Kxg7 14. a4 h5 15.
Ndb5 Bxb5 16. axb5 d5 17. cxd5 exd5 18. exd5 Nbxd5 19. Nxd5 Qxd5 20. Qxd5 Nxd5
21. O-O b6 22. Rac1 Nf4 23. Bc4 Rfd8 24. Rfd1 1/2-1/2

[Event "Campeonato Brasileiro Juvenil 2012 - Abs"]
[Site "Sao Paulo"]
[Date "2012.06.09"]
[Round "6.17"]
[White "Rigonati, Eduardo Enrico Santa"]
[Black "Gomes Silverio, Taua"]
[Result "1/2-1/2"]
[WhiteElo "1810"]
[BlackElo "1665"]
[PlyCount "62"]
[EventDate "2012.06.07"]

1. e4 d6 2. d4 Nf6 3. Nc3 g6 4. h3 Bg7 5. Be3 Nbd7 6. f4 O-O 7. g4 e5 8. dxe5
dxe5 9. f5 Nb6 10. Be2 Nfd7 11. Nf3 Nb8 12. Qxd8 Rxd8 13. Bxb6 axb6 14. Nd5
Rxd5 15. exd5 e4 16. Ng5 Bxb2 17. Rb1 Bc3+ 18. Kf2 Bd4+ 19. Ke1 gxf5 20. gxf5
Bxf5 21. Rf1 Bg6 22. d6 cxd6 23. Bc4 Nc6 24. Nxf7 Bxf7 25. Bxf7+ Kh8 26. Bd5
Bc3+ 27. Ke2 Nd4+ 28. Ke3 Nxc2+ 29. Kxe4 Nb4 30. Rxb4 Bxb4 31. Rf3 Re8+ 1/2-1/2